000 00382nam a2200145Ia 4500
008 230917s9999||||xx |||||||||||||| ||und||
040 _e217574
_aMAIN
041 _aEnglish
082 _a327.54073 M278I
100 _aMahapatra, Chintamani
245 0 _aIndo-US relations: Into the 21st century
260 _aNew Delhi
_bKnowledge World
_c1998
300 _a2010 p.
942 _cBK
999 _c166133
_d166133